| 000 | 00971cam a2200313 4500 | ||
|---|---|---|---|
| 008 | 090401t1995 xxu||||| |||| 00| 0 eng d | ||
| 020 | _a0419202404 | ||
| 035 | _a(Sirsi) u56128 | ||
| 041 | _aeng | ||
| 050 | _a333.33 | ||
| 100 | _aCadman, David | ||
| 245 | _aProperty development | ||
| 250 | _a4th ed. | ||
| 260 |
_aLondon _bE & F N Spon _c1995 |
||
| 300 | _ax, 310p.; 24cm. | ||
| 350 | _a16.99 | ||
| 520 | _aNew edition of an introductory text on the commercial property development process aimed at students. Includes chapters on develoment finance, planning and market research. | ||
| 520 | _aSuperseded by 5th ed. (ISBN 0415430631). | ||
| 650 | _aDEVELOPMENT APPRAISAL | ||
| 650 | _aDEVELOPMENT LAND | ||
| 650 | _aMARKET RESEARCH | ||
| 650 | _aPROPERTY DEVELOPMENT | ||
| 650 | _aPROPERTY FINANCE | ||
| 650 | _aRISK ASSESSMENT | ||
| 690 | _aPROPERTY-COMMERCIAL PROPERTY | ||
| 700 | _aTopping, Rosalyn | ||
| 942 | _n0 | ||
| 948 | _c04/03/1997 | ||
| 999 |
_c93726 _d93726 |
||